000
00219nam a2200097Ia 4500
008
230508s1984 xx 000 0 und d
041
_a
eng
100
_a
VIRKAR
245
_a
DICTIONARY ENGLISH - MARATHI
260
_c
1984
999
_c
329567
_d
329567